Welche Zeit ist das? - Statistiken

Allgemein
  • Dieses Quiz wurde 107 mal gespielt
    10 seit der letzten Aktualisierung
  • Das Durchschnittsergebnis liegt bei 12 aus 18
Antwortstatistiken
Hint Antwort % Korrekt
wir rannten Präteritum
80%
du dachtest Präteritum
80%
sie haben erkannt Perfekt
80%
ich hatte gesetzt Plusquamperfekt
80%
wir hatten gemalt Plusquamperfekt
80%
du wirst gelaufen sein Futur II
60%
sie werden geschrien haben Futur II
60%
wir werden gelernt haben Futur II
60%
ich werde erstellen Futur I
60%
sie wird schreiben Futur I
60%
ihr werdet verstehen Futur I
60%
ich bin Präsens
60%
sie meinen Präsens
60%
er sieht Präsens
60%
du schliefst Präteritum
60%
ihr habt geschlagen Perfekt
60%
es ist gewesen Perfekt
60%
ihr wart gerutscht Plusquamperfekt
40%
Keine übereinstimmenden Quizze gefunden
Verteilung der Resultate
Anzahl Personen mit jedem Resultat
Perzentil nach korrekt beantworteten Fragen
Ihre Resultats-Entwicklung
Sie haben dieses Quiz seit der letzten Aktualisierung nicht gespielt